Corporate governance in Africa : (Record no. 12602)
[ view plain ]
| 000 -LEADER | |
|---|---|
| fixed length control field | 02289cam a2200409Ii 4500 |
| 001 - CONTROL NUMBER | |
| control field | 956505367 |
| 003 - CONTROL NUMBER IDENTIFIER | |
| control field | OCoLC |
| 005 - DATE AND TIME OF LATEST TRANSACTION | |
| control field | 20260427092101.0 |
| 006 - FIXED-LENGTH DATA ELEMENTS--ADDITIONAL MATERIAL CHARACTERISTICS--GENERAL INFORMATION | |
| fixed length control field | m o d |
| 007 - PHYSICAL DESCRIPTION FIXED FIELD--GENERAL INFORMATION | |
| fixed length control field | cr cnu|||unuuu |
| 008 - FIXED-LENGTH DATA ELEMENTS--GENERAL INFORMATION | |
| fixed length control field | 160811t20162016enk ob 001 0 eng d |
| 020 ## - INTERNATIONAL STANDARD BOOK NUMBER | |
| International Standard Book Number | 9781137567000 |
| 020 ## - INTERNATIONAL STANDARD BOOK NUMBER | |
| International Standard Book Number | 1137567007 |
| 020 ## - INTERNATIONAL STANDARD BOOK NUMBER | |
| Cancelled/invalid ISBN | 9781137566997 |
| 035 ## - SYSTEM CONTROL NUMBER | |
| System control number | (OCoLC)956505367 |
| 040 ## - CATALOGING SOURCE | |
| Original cataloging agency | N$T |
| Language of cataloging | eng |
| Description conventions | rda |
| -- | pn |
| Transcribing agency | N$T |
| Modifying agency | N$T |
| -- | BSULIB |
| -- | OCLCF |
| 043 ## - GEOGRAPHIC AREA CODE | |
| Geographic area code | f------ |
| 050 #4 - LIBRARY OF CONGRESS CALL NUMBER | |
| Classification number | HD2741 |
| 072 #7 - SUBJECT CATEGORY CODE | |
| Subject category code | BUS |
| Subject category code subdivision | 070000 |
| Source | bisacsh |
| 082 04 - DEWEY DECIMAL CLASSIFICATION NUMBER | |
| Classification number | 338.6096 |
| Edition number | 23 |
| Item number | COR |
| 245 00 - TITLE STATEMENT | |
| Title | Corporate governance in Africa : |
| Remainder of title | assessing implementation and ethical perspectives / |
| Statement of responsibility, etc | Kerry E. Howell, M. Karim Sorour, editors |
| 260 ## - PUBLICATION, DISTRIBUTION, ETC. (IMPRINT) | |
| Place of publication, distribution, etc | London: |
| Name of publisher, distributor, etc | Macmillan, |
| Date of publication, distribution, etc | 2016. |
| 300 ## - PHYSICAL DESCRIPTION | |
| Extent | 1 online resource |
| 504 ## - BIBLIOGRAPHY, ETC. NOTE | |
| Bibliography, etc | Includes bibliographical references and index |
| 505 ## - FORMATTED CONTENTS NOTE | |
| Formatted contents note | <br/>1. Introduction: Notions of Governance, Social Contracts and Ethical Perspectives<br/>2. Paradigm of Inquiry: Critical Theory and Constructivism<br/>3. Ethical Perspectives on Corporate Governance<br/>4. On the Evolution of Corporate Governance Culture in Africa: The Case of the Egyptian Banking Sector<br/>5. Ethical Dimensions of Corporate Governance Practice in Ghana: Developing a Theoretical Perspective<br/>6. Corporate Governance in Nigeria<br/>7. An Examination and Analysis of Bank Corporate Governance Regulation in The Gambia: A Grounded Theory Approach<br/>8. The King Reports on Corporate Governance in South Africa: An Ubuntu African Philosophy Analysis<br/>9. The Corporate Governance of the Kenyan Public Sector<br/>10. Conclusions<br/> |
| 506 ## - RESTRICTIONS ON ACCESS NOTE | |
| Terms governing access | Available to OhioLINK libraries |
| 650 #0 - SUBJECT ADDED ENTRY--TOPICAL TERM | |
| Topical term or geographic name as entry element | Corporate governance |
| Geographic subdivision | Africa. |
| 9 (RLIN) | 24622 |
| 650 #0 - SUBJECT ADDED ENTRY--TOPICAL TERM | |
| Topical term or geographic name as entry element | Business ethics |
| Geographic subdivision | Africa. |
| 9 (RLIN) | 24623 |
| 655 #4 - INDEX TERM--GENRE/FORM | |
| Genre/form data or focus term | Electronic books. |
| -- | 1383 |
| 700 1# - ADDED ENTRY--PERSONAL NAME | |
| Personal name | Howell, Kerry E., |
| Relator term | editor. |
| 9 (RLIN) | 24624 |
| 700 1# - ADDED ENTRY--PERSONAL NAME | |
| Personal name | Sorour, M. Karim, |
| Relator term | editor. |
| 9 (RLIN) | 24625 |
| 710 2# - ADDED ENTRY--CORPORATE NAME | |
| Corporate name or jurisdiction name as entry element | Ohio Library and Information Network. |
| 9 (RLIN) | 23718 |
| 856 40 - ELECTRONIC LOCATION AND ACCESS | |
| Uniform Resource Identifier | <a href="http://rave.ohiolink.edu/ebooks/ebc/9781137567000">http://rave.ohiolink.edu/ebooks/ebc/9781137567000</a> |
| Materials specified | OhioLINK |
| Public note | Connect to resource |
| 856 40 - ELECTRONIC LOCATION AND ACCESS | |
| Uniform Resource Identifier | <a href="http://link.springer.com/10.1057/978-1-137-56700-0">http://link.springer.com/10.1057/978-1-137-56700-0</a> |
| Materials specified | SpringerLink |
| Public note | Connect to resource |
| 856 40 - ELECTRONIC LOCATION AND ACCESS | |
| Uniform Resource Identifier | <a href="http://proxy.ohiolink.edu:9099/login?url=http://link.springer.com/10.1057/978-1-137-56700-0">http://proxy.ohiolink.edu:9099/login?url=http://link.springer.com/10.1057/978-1-137-56700-0</a> |
| Materials specified | SpringerLink |
| Public note | Connect to resource (off-campus) |
| 942 ## - ADDED ENTRY ELEMENTS (KOHA) | |
| Source of classification or shelving scheme | Dewey Decimal Classification |
| Item type | Books |
| Withdrawn status | Lost status | Source of classification or shelving scheme | Damaged status | Not for loan | Home library | Current library | Date acquired | Inventory number | Total Checkouts | Full call number | Barcode | Date last seen | Copy number | Price effective from | Koha item type | Public note |
|---|---|---|---|---|---|---|---|---|---|---|---|---|---|---|---|---|
| Dewey Decimal Classification | Main Library | Main Library | 01/08/2024 | 35393 | 338.6096 COR | bsu24080192 | 01/08/2024 | 001 | 01/08/2024 | Books | Material available in hard copy |